Paris Charles de Gaulle Airport (CDG) Destinations - Statistics

General Stats
  • This quiz has been taken 1,913 times
    1,664 since last reset
  • The average score is 144 of 295
Answer Stats
Hint Answer % Correct
easyJet, Vueling London-Gatwick
90%
Air France, British Airways London-Heathrow
90%
Aegean Air, Air France Athens
89%
Aer Lingus, Air France Dublin
89%
easyJet London-Luton
89%
easyJet London-Southend
89%
Aeroflot, Air France Moscow–Sheremetyevo
89%
Air France, American Air, Delta, Norwegian Air Shuttle, XL Airways France New York-JFK
89%
Air France, Alitalia, Vueling Rome-Fiumicino
89%
Air France, Joon, Norwegian Air Shuttle, Scandinavian Airlines Oslo
88%
Air France, easyJet, Joon, Vueling Barcelona
87%
Air China, Air France Beijing
87%
Air France, easyJet, Iberia Express, Vueling Madrid
87%
Air France, Alitalia, easyJet Milan-Linate
87%
Air France, easyJet Milan-Malpensa
87%
Air France, KLM Amsterdam
86%
Air France, Air Tahiti Nui, Norwegian Air Shuttle, XL Airways France Los Angeles
86%
Egyptair, Joon Cairo
85%
Air France, AtlasGlobal, Joon, Onur Air, Turkish Air Istanbul-Ataturk
85%
Turkish Airlines Istanbul–Sabiha Gökçen
85%
Air France, Scandinavian Airlines Stockholm-Arlanda
85%
Air France, All Nippon Airways, Japan Airlines Tokyo-Haneda
85%
Air France, Japan Airlines Tokyo-Narita
85%
easyJet, Eurowings, Joon Berlin-Tegel
84%
Brussels Airlines Brussels
84%
Finnair Helsinki
84%
Air France, Emirates Dubai
83%
Air France, Lufthansa, Lufthansa Regional Munich
83%
Air France, easyJet, Flybe Manchester
82%
Air France, American Air, XL Airways France Miami
82%
Aeroflot, Air France Saint Petersburg
82%
Air France, United, XL Airways France San Francisco
82%
Air China, Air France, China Eastern Shanghai-Pudong
82%
Air Canada, Air France, Air Transat Toronto-Pearson
82%
Air France, easyJet, Scandinavian Air Copenhagen
81%
easyJet, Joon Lisbon
81%
Air France, easyJet Nice
81%
Air France, Austrian Air, Vueling Vienna
81%
Air France, Swiss International Airlines Zurich
81%
Air France Marseille
80%
Air Canada, Air France, Air Transat Montreal-Trudeau
80%
Air France, Croatia Air Zagreb
80%
Air France, American Air, Delta, United Chicago-O'hare
79%
Air France, Lufthansa Frankfurt
79%
Air France Lyon
79%
Air France, Tunisair Express Tunis
79%
Air France, LOT Polish Warsaw
79%
Aigle Azur, Air Algerie, Air France, ASL Air France, Tassili Air Algiers
78%
Air France, Delta Boston
78%
Air France, Cathay Pacific Hong Kong
78%
Air France Rio de Janeiro
78%
Air France, easyJet Budapest
77%
Aeromexico, Air France Mexico City
77%
Air France, Czech Air, Smartwings, Vueling Prague
77%
Air France, Asiana Air, Korean Air Seoul-Incheon
77%
Air France, Akria, easyJet, El Al, Israir, Sun D'or, XL Airways France Tel Aviv
77%
Air France, Thai Airways Bangkok-Suvarnabhumi
76%
Air France, easyJet, Royal Air Maroc Casablanca
76%
American Air Dallas/Fort Worth
76%
Air France, Air India Delhi
76%
Air France, Flybe Edinburgh
76%
Air France, Jet Airways Mumbai
76%
Air France, easyJet, Joon Porto
76%
Air France, Singapore Airlines Singapore
76%
Air France, Air Transat Vancouver
76%
Air France, easyJet, Vueling Venice
76%
Air France, Delta Atlanta
75%
Air France, TAROM Bucharest
75%
Qatar Airways Doha
75%
Air France Geneva
75%
Air France, United Washington-Dulles
75%
Air France, Eurowings Hamburg
74%
Air France, Delta Seattle/Tacoma
74%
Air France, easyJet Glasgow
73%
Air France, easyJet, Joon, Vueling Naples
73%
Etihad Airways Abu Dhabi
72%
Air France Houston
72%
Air France, Bulgaria Air Sofia
72%
Turkish Airlines Ankara
71%
Air France, Ukraine International Air Kiev
71%
Air France Rabat
71%
airBaltic Riga
71%
Air France, LATAM Brasil Sao Paulo
71%
Air France, Kenya Airways Nairobi
70%
Air France Bordeaux
69%
Air France Buenos Aires
69%
Joon Cape Town
69%
Air France, Saudia Riyadh
69%
Air Serbia Belgrade
68%
Vietnam Airlines Hanoi
68%
Air France Johannesburg
67%
Air France Santiago de Chile
67%
Vueling Santiago de Compostela
67%
Air France, easyJet Toulouse
67%
Air France Osaka-Kansai
66%
Air France, Flybe Birmingham
65%
TACV Sal
65%
Azerbaijan Airlines Baku
64%
Air France, Middle East Airlines Beirut
64%
airBaltic Vilnius
64%
Air France, Royal Jordanian Amman
63%
Air France Bogota
63%
Norwegian Air Shuttle Denver
63%
Norwegian Air Shuttle Orlando
63%
Icelandair, WOW Air Reykjavik
63%
Aer Lingus Cork
62%
Air France, Delta Detroit
62%
Air France, Eurowings Dusseldorf
62%
Air France Florence
62%
Kuwait Airways Kuwait City
62%
Air Arabia Maroc, Air France, easyJet Marrakesh
62%
American Air, Delta Philadelphia
62%
Air France, Blue Air Turin
62%
easyJet Belfast
61%
Air France, China Southern Guangzhou
61%
easyJet Liverpool
61%
Belavia Minsk
61%
Iran Air, Joon, Mahan Air Tehran
61%
Air Europa Valencia
61%
Air France, EVA Air Taipei-Taoyuan
60%
Air France Dakar
59%
Air France Lima
59%
Air Europa, easyJet Malaga
59%
Air France, easyJet Krakow
58%
Air France Lagos
58%
Oman Air Muscat
58%
Air France, easyJet Bilbao
57%
Saudia Jeddah
57%
Air France, easyJet Palma de Mallorca
57%
Croatia Air, easyJet Split
57%
Air Astana Astana
55%
Croatia Air Dubrovnik
55%
Adria Air, Air France Ljubljana
55%
Vueling Seville
55%
airBaltic, Nordic Air Tallinn
55%
Ethiopian Air Addis Ababa
53%
SkyWorks Airlines Bern
53%
Air France Nantes
53%
Air France Stuttgart
53%
American Air Charlotte
52%
Air France Havana
51%
Luxair Luxembourg
51%
Aegean Air Thessaloniki
51%
Air France Basel/Mulhouse
50%
Air France, XL Airways France Cancun
50%
Pakistan International Airlines Islamabad
50%
Air France Kinshasa
50%
Air Transat Calgary
49%
easyJet Ibiza
49%
Delta, La Compagnie, Norwegian Air Shuttle, United Newark
49%
Air France Accra
48%
Gulf Air Bahrain
48%
Air Malta Malta
47%
Air France, Delta Minneapolis/St. Paul
47%
Air France, Air Madagascar Antananarivo
46%
Jet2.com Leeds/Bradford
46%
Vueling Bari
45%
Air China Chengdu
45%
SunExpress Izmir
45%
Georgian Airways Tbilisi
45%
easyJet, XL Airways France Ajaccio
44%
Air France, easyJet Bologna
44%
Air France Caracas
44%
Flybe Cardiff
44%
Aegean Air, easyJet Heraklion
44%
Air France, Vietnam Air Ho Chi Minh City
44%
Air France Newcastle upon Tyne
44%
Air Algerie, Air France Oran
44%
easyJet Tenerife-South
44%
Air France Genoa
43%
Air France San Jose de Costa Rica
43%
Air France Yerevan
43%
Air France Abidjan
42%
Air France, Scandinavian Airlines Gothenburg
42%
Pakistan International Airlines Lahore
42%
Montenegro Air Podgorica
42%
Air Transat Quebec
42%
Eurowings Salzburg
42%
Uzbekistan Air Tashkent
42%
Air France Abuja
41%
Air France, Air Mauritius Mauritius
41%
Hainan Air Xi'an
41%
BMI Regional, easyJet Bristol
40%
Jet Airways Chennai
40%
Air France Brest
39%
easyJet Faro
39%
Air France Luanda
39%
Aegean Air Rhodes
39%
Air Austral, XL Airways France Saint-Denis de la Réunion
39%
Aegean Air, easyJet Corfu
38%
Air France Panama City
38%
Air France Bangalore
37%
Air France, easyJet Catania
37%
Air Arabia Maroc Fez
37%
Aigle Azur, Air France Bamako
36%
Air France Montpellier
36%
easyJet Mykonos
36%
Air France Rennes
36%
Air Arabia Maroc, Vueling Tangier
36%
Air France Hanover
35%
Germania Pristina
35%
Air France Wuhan
35%
Air France Brazzaville
34%
Air France Aberdeen
33%
TUIfly Belgium Cagliari
33%
FlyOne Chisinau
33%
Delta Salt Lake City
33%
Air France Santo Domingo
33%
Air Cairo, Egyptair Luxor
32%
Air France, Camair-Co Yaounde
32%
Air France Bremen
31%
Air France, easyJet Agadir
29%
Turkmenistan Air Ashgabat
29%
Air Corsica, easyJet Bastia
29%
Cobalt Air Larnaca
29%
Air France Libreville
28%
Air France Lome
28%
Air France Ouagadougou
28%
Air France, Air Tahiti Nui Papeete
28%
Delta Raleigh/Durham
28%
Flybe Southampton
28%
easyJet Minorca
27%
Air France Niamey
27%
Air France Conakry
26%
XL Airways France Fort de France
26%
Air France Freetown
26%
Air France Montevideo
26%
Air France N'Djamena
26%
Air France Nuremberg
26%
Air Cairo Hurghada
24%
Croatia Air Zadar
24%
Air France, easyJet Biarritz
23%
Tunisair Djerba
23%
Air France, Camair-Co Douala
23%
Air France, XL Airways France Punta Cana
23%
Croatia Air, easyJet Pula
22%
Scandinavian Airlines Stavanger
22%
easyJet Lanzarote
21%
Air France Nouakchott
21%
Delta Pittsburgh
21%
Air France Billund
20%
Air France Djibouti
20%
Norwegian Air Shuttle Fort Lauderdale
20%
Delta Cincinnati
19%
Air France Cotonou
19%
Hainan Air Hangzhou
19%
easyJet, Vueling Fuerteventura
18%
easyJet Olbia
18%
Air France Toulon
18%
Flybe Doncaster/Sheffield
17%
XL Airways France Pointe a Pitre
17%
Azores Air Ponta Delgada
17%
Air France, XL Airways France Saint Martin
17%
China Eastern Kunming
16%
Air France Malabo
16%
Air France Clermont-Ferrand
15%
Air France Pau
15%
Air Nostrum, Iberia Vigo
15%
Aegean Air Kalamata
13%
Ural Air Yekaterinburg
13%
Akria, El Al Eilat
12%
Montenegro Air Tivat
12%
Jet2.com East Midlands
11%
easyJet Figari
11%
Tunisair Express Sfax
11%
Alitalia Alghero
9%
Flybe Exeter
9%
Vuelingftan Grenada
9%
Norwegian Air Shuttle Oakland
9%
Air France Port Harcourt
9%
Aegean Air Samos
9%
Air Nostrum, Vueling Santander
9%
XL Airways France San Salvador
8%
Air Algerie Annaba
7%
Air France Pointe-Noire
7%
Finnair Kittilä
5%
Vueling Oviedo
5%
XL Airways France Varadero
5%
Air Austral Dzaoudzi
4%
SmartWings Ostrava
4%
XL Airways France Puerto Plata
4%
Aigle Azur Tlemcen
4%
Aigle Azur Setif
3%
Air Algerie Batna
2%
Air Algerie Biskra
2%
XL Airways France Cayo Coco
2%
Air Algerie Chlef
2%
Air Algerie El Oued
2%
TACV Sao Vicente
2%
Air France Bangui
1%
Air Algerie Constatine
1%
XL Airways France Samana
1%
XL Airways France Santa Clara
1%
Tunisair Tozeur
1%
Uzbekistan Air Urgench
1%
No matching quizzes found
Score Distribution
Percent of People with Each Score
Percentile by Number Answered
Your Score History
You have not taken this quiz since the last reset